000 00380 a2200169 4500
001 71541
020 _a
040 _cAnchieta - Colégio São Paulo
100 _aForjaz, Sonia Salerno
240 1 0 _aIncríveis amigos
_lpor
245 1 0 _aIncríveis amigos
300 _a[20p.]
362 0 _a1992
440 1 _aPaulinas
650 4 _aLiteratura infanto-juvenil
942 _cBK
999 _c71541
_d71541